| 000 | 00495cam a2200145 4500500 | ||
|---|---|---|---|
| 005 | 20251214042930.0 | ||
| 041 | _afre | ||
| 042 | _adc | ||
| 100 | 1 | 0 |
_aWhitman, James _eauthor |
| 245 | 0 | 0 | _aComment expliquer la peine aux Etats-Unis? |
| 260 | _c2005. | ||
| 500 | _a58 | ||
| 786 | 0 | _nArchives de politique criminelle | 27 | 1 | 2005-10-01 | p. 225-233 | 0242-5637 | |
| 856 | 4 | 1 | _uhttps://droit.cairn.info/revue-archives-de-politique-criminelle-2005-1-page-225?lang=fr&redirect-ssocas=7080 |
| 999 |
_c1577133 _d1577133 |
||